Dolores Porras (Record no. 8143)

MARC details
000 -CABECERA
campo de control de longitud fija 00931nam a2200253 a 4500
001 - NÚMERO DE CONTROL
campo de control BRCA_8476
005 - FECHA Y HORA DE LA ÚLTIMA TRANSACCIÓN
campo de control 20190320210312.0
008 - DATOS DE LONGITUD FIJA--INFORMACIÓN GENERAL
campo de control de longitud fija 160216s2014----mx-a######---#000-0#spa-#
020 ## - NÚMERO INTERNACIONAL ESTÁNDAR DEL LIBRO
Número Internacional Estándar del Libro 9786079687502
041 ## - CÓDIGO DE LENGUA
Código de lengua del texto/banda sonora o título independiente spaeng
050 #4 - SIGNATURA TOPOGRÁFICA DE LA BIBLIOTECA DEL CONGRESO
Número de documento/Ítem A54 2014
100 1# - ENTRADA PRINCIPAL--NOMBRE DE PERSONA
Nombre de persona Ángel Reyes, Johanna
9 (RLIN) 21235
245 10 - MENCIÓN DE TÍTULO
Título Dolores Porras
Resto del título legado sin reservas. Colección Rolando Regino Porras
Mención de responsabilidad, etc. Johanna Ángel Reyes, Mariana Rubio de los Santos ; traducción Karla Oropeza Pinzón.
260 ## - PUBLICACIÓN, DISTRIBUCIÓN, ETC.
Lugar de publicación, distribución, etc. México
Nombre del editor, distribuidor, etc. ACACIA 360º Publicaciones
Fecha de publicación, distribución, etc. [2014]
300 ## - DESCRIPCIÓN FÍSICA
Extensión 61 p.
Otras características físicas il. a color
Dimensiones 28 cm.
546 ## - NOTA DE LENGUA/LENGUAJE
Nota de lengua/lenguaje Texto en : español e inglés
600 14 - PUNTO DE ACCESO ADICIONAL DE MATERIA--NOMBRE DE PERSONA
Nombre de persona Porras, Dolores
Fechas asociadas al nombre 1937-2010
9 (RLIN) 21236
600 14 - PUNTO DE ACCESO ADICIONAL DE MATERIA--NOMBRE DE PERSONA
Nombre de persona Regino Porras, Rolando
9 (RLIN) 21237
650 14 - PUNTO DE ACCESO ADICIONAL DE MATERIA--TÉRMINO DE MATERIA
Término de materia o nombre geográfico como elemento de entrada Cerámica
Subdivisión geográfica Santa María Atzompa, Oaxaca
9 (RLIN) 21238
650 14 - PUNTO DE ACCESO ADICIONAL DE MATERIA--TÉRMINO DE MATERIA
Término de materia o nombre geográfico como elemento de entrada Arte popular
9 (RLIN) 7800
700 1# - PUNTO DE ACCESO ADICIONAL--NOMBRE DE PERSONA
Nombre de persona Rubio de los Santos, Mariana
Término indicativo de función/relación coaut.
9 (RLIN) 21239
700 1# - PUNTO DE ACCESO ADICIONAL--NOMBRE DE PERSONA
Nombre de persona Oropeza Pinzón, Karla
Término indicativo de función/relación tr.
9 (RLIN) 21240
942 ## - ELEMENTOS DE PUNTO DE ACCESO ADICIONAL (KOHA)
Fuente del sistema de clasificación o colocación Library of Congress Classification
Tipo de ítem Koha Libros
Holdings
Estado de retiro Estado de pérdida Estado dañado No para préstamo Localización permanente Ubicación/localización actual Fecha de adquisición Total de préstamos Signatura topográfica completa Código de barras Fecha visto por última vez Precio válido a partir de Tipo de ítem Koha
El ejemplar forma parte de la colección y puede ser consultado según las políticas vigentes.       Biblioteca del Museo Franz Mayer (Rogerio Casas-Alatriste) Biblioteca del Museo Franz Mayer (Rogerio Casas-Alatriste) 16/02/2016   A54 2014 02914 22/03/2019 22/03/2019 Libros